书目信息 |
| 题名: |
爱经
|
|
| 作者: | 奥维德 著 | |
| 分册: | ||
| 出版信息: | 天津 百花文艺出版社 1998.02 |
|
| 页数: | 223页 | |
| 开本: | 32开 | |
| 丛书名: | ||
| 单 册: | ||
| 中图分类: | I546.4 | |
| 科图分类: | ||
| 主题词: | 文学 | |
| 电子资源: | ||
| ISBN: | 7-5306-2589-6 | |
| 000 | 00558nam0 2200193 45 | |
| 001 | 0105100961 | |
| 005 | 20010510093916.4 | |
| 010 | @a7-5306-2589-6@d13.50元 | |
| 100 | @a20010510d1998 km y0chiy0120 ea | |
| 101 | 0 | @achi |
| 105 | @a z 000yy | |
| 200 | 1 | @a爱经@AAi Jing@f(古罗马)奥维德著;黄建华等译@F(Gu Luo Ma)Ao Wei De Zhu;Huang Jian Hua Deng Yi |
| 210 | @a天津@c百花文艺出版社@d1998.02 | |
| 215 | @a223页@d32开 | |
| 606 | 0 | @a文学 |
| 690 | @aI546.4@v3 | |
| 701 | 0 | @a奥维德@4著 |
| 801 | @aCN@bPftUser@c20010510 | |
| 905 | @f5@b341786-790@dI546.4@eA151 | |
| 爱经/(古罗马)奥维德著;黄建华等译.-天津:百花文艺出版社,1998.02 |
| 223页;32开 |
| ISBN 7-5306-2589-6:13.50元 |
| ● |
| 相关链接 |
|
|
|
正题名:爱经
索取号:I546.4/A151
 
预约/预借
| 序号 | 登录号 | 条形码 | 馆藏地/架位号 | 状态 | 备注 |
| 1 | 341786 | 203417864 | 社科二线400B/116文学库 18排6列2层/ [索取号:I546.4/A151] | 在馆 | |
| 2 | 341787 | 203417873 | 文学库116/400B社科库 29排1列2层/ [索取号:I546.4/A151] | 在馆 | |
| 3 | 341788 | 203417882 | 社科二线400B/400B社科库 12排3列3层/ [索取号:I546.4/A151] | 在馆 | |
| 4 | 341789 | 203417891 | 社科二线422/422社科库 31排3列3层/ [索取号:I546.4/A151] | 在馆 | |
| 5 | 341790 | 203417908 | 社科二线422/116文学库 18排6列2层/ [索取号:I546.4/A151] | 在馆 |